00541nam a2200169Ia 450000500170000000800410001708200130005810000190007124500430009026000520013330000260018565000230021165000210023494200060025595200950026199900150035620240807020151.0240331s9999 xx 000 0 und d bVYTa392 aVythilingam, M 4aThe Life of Sir Ponnampalam Ramanathan aColombobRamanathan Commemoration Societyc1971 axv, 605 p ., vol (i)  aBirth and Ancestry aReligious Growth cL 001040708LaWERCLbWERCLcSSCd2024-03-31l0o 920 VYTp3171r2024-03-31w2024-03-31yL c2799d2799